00916nam a2200253 a 450000100060000000300080000600500170001400800410003103500190007204000270009104100080011808200220012610000290014824500920017726000430026930000290031249000290034150400290037065000450039970000480044494200120049299900170050495201410052172004BD-RjUL20211209082211.0170511s1960 nyua b 00110 eng  a(BD-RjUL)72220 aANLbengdANLcBD-RjUL aeng0 a547223bROS 19601 aRosen, Milton J.921297710aSystematic analysis of surface-active agents /cMilton J. Rosen and Henry A. Goldsmith. aNew York :bWiley-Interscience,cc1960 a422 p. :bill. ;c23 cm. aChemical analysis ;vXii aIncludes bibliographies. 0aSurface active agentsxAnalysis.92129781 aGoldsmith, Henry A.,ejoint author.9212979 2ddccBK c72004d72004 00102ddc40718NFICaRUCLbRUCLcReadingd1963-01-29eZeithlinger.g1083.00l0o547 ROS 1960r2017-05-11 00:00:00tC-1w2021-12-09yBK